000 00707 a2200217 4500
005 20250502112129.0
020 _a9788180697104
050 _aS560
_bNAI 2010
100 _aNair, Reji D.
_eauthor
245 _aFarm management :
_btheory and practice /
_cReji D. Nair
264 _aNew Delhi :
_bConcept Publishing Company,
_c2010.
300 _a199 pages :
_billustrations
336 _2rdacontent
_atext
_btxt
337 _2rdamedia
_aunmediated
_bn
338 _2rdacarrier
_avolume
_bnc
504 _aIncludes bibliographical references and index
650 _aFarm management.
650 _aFarm management
_xMathematical models.
650 _aAgricultural productivity.
942 _2lcc
_cBK
_h560
_iNAI
_kS
999 _c5550
_d5550